| 000 | 01332nam a2200253Ia 4500 | ||
|---|---|---|---|
| 003 | OSt | ||
| 005 | 20210923095649.0 | ||
| 008 | 210310s2007 ck ad gr 000 0 spa d | ||
| 020 | _a9789586240703 | ||
| 040 |
_aCO-JMCR _cCO-JMCR |
||
| 041 | 0 | _aspa | |
| 082 | 0 | 4 |
_a338.479104 / _bD419a _223 |
| 110 | 2 |
_aColombia. _bDepartamento Administrativo Nacional de Estadística _eautor _938112 |
|
| 245 | 1 | 0 |
_aAnálisis de los resultados de la encuesta de turismo a hogares 2003 / _cDepartamento Administrativo Nacional de Estadística, Ministerio de Comercio Industria y Turismo |
| 260 |
_aBogotá : _bDepartamento Nacional de Estadística, _c2007. |
||
| 300 |
_a233 páginas : _bilustraciones y gráficas a color ; _c27 cm. |
||
| 504 | _aBibliografía : páginas 135-136. | ||
| 505 | 0 | _aAspectos metodológicos. -- Contexto general del turismo en el momento de la encuesta. -- Análisis e interpretación de los resultados de la encuesta de turismo a hogares. -- Determinantes de la demanda de turismo. -- Recomendaciones para el fortalecimiento del sistema de información del sector turismo. | |
| 650 | 1 | 4 |
_aDemanda de turismo. _940738 |
| 650 | 2 | 4 |
_aSector turismo. _940739 |
| 650 | 2 | 4 |
_aAspectos metodológicos _vSector turismo _940740 |
| 710 | 2 |
_aMinisterio de Comercio Industria y Turismo _eautor _940741 |
|
| 942 |
_2ddc _cBK |
||
| 999 |
_c12505 _d12505 |
||